• AIU
  • Tony Wilmot Memorial Library

The Southern Sudan : (Record no. 63598)

MARC details
000 -LEADER
fixed length control field 00815cam a2200277 i 4500
001 - CONTROL NUMBER
control field 4586037
003 - CONTROL NUMBER IDENTIFIER
control field OSt
005 - DATE AND TIME OF LATEST TRANSACTION
control field 20180726164108.0
008 - FIXED-LENGTH DATA ELEMENTS--GENERAL INFORMATION
fixed length control field 751023s1975 enkb 001 0 eng
010 ## - LIBRARY OF CONGRESS CONTROL NUMBER
LC control number 75327142
015 ## - NATIONAL BIBLIOGRAPHY NUMBER
National bibliography number GB75-07970
020 ## - INTERNATIONAL STANDARD BOOK NUMBER
International Standard Book Number 0903983184 :
Terms of availability �5.50
040 ## - CATALOGING SOURCE
Original cataloging agency DLC
Transcribing agency DLC
Modifying agency DLC
043 ## - GEOGRAPHIC AREA CODE
Geographic area code f-sj---
050 00 - LIBRARY OF CONGRESS CALL NUMBER
Classification number DT108.7
Item number .B47 1975b
082 00 - DEWEY DECIMAL CLASSIFICATION NUMBER
Classification number 962.9/04
100 1# - MAIN ENTRY--PERSONAL NAME
Personal name Beshir, Mohamed Omer,
Dates associated with a name 1926-
9 (RLIN) 46629
245 14 - TITLE STATEMENT
Title The Southern Sudan :
Remainder of title from conflict to peace /
Statement of responsibility, etc by Mohamed Omer Beshir.
260 ## - PUBLICATION, DISTRIBUTION, ETC. (IMPRINT)
Place of publication, distribution, etc London :
Name of publisher, distributor, etc C. Hurst,
Date of publication, distribution, etc 1975.
300 ## - PHYSICAL DESCRIPTION
Extent xi, 188 p. :
Other physical details maps ;
Dimensions 23 cm.
500 ## - GENERAL NOTE
General note Includes index.
651 #0 - SUBJECT ADDED ENTRY--GEOGRAPHIC NAME
Geographic name Sudan
General subdivision History
Chronological subdivision Civil War, 1955-1972.
9 (RLIN) 46630
906 ## - LOCAL DATA ELEMENT F, LDF (RLIN)
a 7
b cbc
c orignew
d 3
e ncip
f 19
g y-gencatlg
942 ## - ADDED ENTRY ELEMENTS (KOHA)
Source of classification or shelving scheme Library of Congress Classification
Koha item type Special Collection
Holdings
Withdrawn status Lost status Source of classification or shelving scheme Damaged status Not for loan Collection code Home library Current library Shelving location Date acquired Source of acquisition Cost, normal purchase price Total Checkouts Full call number Barcode Date last seen Copy number Price effective from Koha item type
    Library of Congress Classification     Special Collection AIU/NEGST - Tony Wilmot Memorial Library AIU/NEGST - Tony Wilmot Memorial Library Special Collection 06/21/2016 Donation- SIL Sudan 11.50   S DT 108.7.B47 1975 R38785y3232 09/26/2019 1 07/26/2018 Special Collection